Statistics for Jerry Lawler's opponents

Click here to take the quiz!

General Stats

  • This quiz has been taken 133 times
    (78 since last reset)
  • The average score is 88 of 204

Answer Stats

Answer% Correct
Bret "Hitman" Hart
100%
Cody Rhodes
100%
Dusty Rhodes
100%
Owen Hart
100%
Ric Flair
100%
Harley Race
94%
Hulk Hogan
94%
Kerry Von Erich
94%
Bob Armstrong
89%
Brad Armstrong
89%
Jake "The Snake" Roberts
89%
Jesse James Armstrong
89%
Jimmy Hart
89%
Kane
89%
"Macho Man" Randy Savage
89%
Shawn Michaels
89%
Steve Austin
89%
Terry Funk
89%
Andy Kaufman
83%
Chris Jericho
83%
Davey Boy Smith
83%
Dory Funk Jr.
83%
Goldust
83%
Jeff Jarrett
83%
Jerry Jarrett
83%
Mark Henry
83%
"Rowdy" Roddy Piper
83%
Tazz
83%
The Miz
83%
Tommy Dreamer
83%
Bob Holly
78%
Jack Brisco
78%
Jerry Brisco
78%
Junkyard Dog
78%
Mankind
78%
Mr. Perfect
78%
Rick Martel
78%
"Superstar" Billy Graham
78%
The Stalker
78%
The Ultimate Warrior
78%
The Undertaker
78%
Tommy Rich
78%
William Regal
78%
Ahmed Johnson
72%
Al Snow
72%
Billy Gunn
72%
Chris Benoit
72%
CM Punk
72%
Marty Jannetty
72%
Michael Cole
72%
Nick Bockwinkel
72%
Ricky Morton
72%
Salvatore Sincere
72%
Aldo Montoya
67%
Bam Bam Bigelow
67%
Brian Christopher
67%
Christian
67%
Greg Gagne
67%
Jack Swagger
67%
Jimmy Garvin
67%
Jim Powers
67%
Kamala
67%
King Kong Bundy
67%
Koko B. Ware
67%
Lex Luger
67%
Marc Mero
67%
"Mr. Wonderful" Paul Orndorff
67%
Raven
67%
Rocky Johnson
67%
Ronnie Garvin
67%
The Iron Sheik
67%
Tito Santana
67%
Abdullah the Butcher
61%
Booker T
61%
Doink the Clown
61%
Doug Gilbert
61%
Dutch Mantell
61%
Eddie Gilbert
61%
Scott Hall
61%
Scott Taylor
61%
Steven Richards
61%
Tommy Gilbert
61%
X-Pac
61%
Bill Dundee
56%
Dick Slater
56%
"Ravishing" Rick Rude
56%
Big Bossman
50%
Bruiser Brody
50%
Jimmy Valiant
50%
Mabel
50%
Rufus R. Jones
50%
Tatsumi Fujinami
50%
Tully Blanchard
50%
Wahoo McDaniel
50%
Chris Masters
44%
Don Muraco
44%
Eric Embry
44%
Jerry Blackwell
44%
Jesse "The Body" Ventura
44%
Tatanka
44%
The Barbarian
44%
The Sandman
44%
Jonathan Coachman
39%
Sid Vicious
39%
Adam Bomb
33%
Brian Lee
33%
Chris Adams
33%
Danny Davis
33%
Duke "The Dumpster" Droese
33%
Kevin Sullivan
33%
Muhammad Hassan
33%
Ron Bass
33%
Billy Jack Haynes
28%
Buddy Landell
28%
Daniel Bryan
28%
Dean Malenko
28%
"Iron" Mike Sharpe
28%
Jackie Fargo
28%
K.C. James
28%
Ken Patera
28%
One Man Gang
28%
Rex King
28%
Riki Choshu
28%
Robert Fuller
28%
Shawn Stasiak
28%
Stevie Ray
28%
Taka Michinoku
28%
The Sheik
28%
Baron von Raschke
22%
Bobby "The Brain" Heenan
22%
Bobo Brazil
22%
Brian Kendrick
22%
Buff Bagwell
22%
Chief Morley
22%
Gangrel
22%
Manny Fernandez
22%
Ron Fuller
22%
Steve Doll
22%
The Brooklyn Brawler
22%
The Masked Superstar
22%
Toru Tanaka
22%
Albert
17%
Al Perez
17%
Austin Idol
17%
Buzz Sawyer
17%
David Schultz
17%
J.J. Dillon
17%
Mil Mascaras
17%
Mr. Wrestling
17%
Mr. Wrestling II
17%
Randy Orton
17%
Rodney Mack
17%
Steve Keirn
17%
Tony Falk
17%
Gregory Helms
11%
"Iceman" King Parsons
11%
Jeff Gaylord
11%
Jimmy Golden
11%
John Tolos
11%
Mideon
11%
Papa Shango
11%
Santino Marella
11%
Simon Diamond
11%
Spellbinder
11%
Sputnik Monroe
11%
Tony Anthony
11%
Billy Joe Travis
6%
Black Bart
6%
Droz
6%
Jean Pierre Lafitte
6%
Jos LeDuc
6%
Julio DiNero
6%
Mike Awesome
6%
Mr. Hughes
6%
Paul Ellering
6%
Reggie B. Fine
6%
Steve Corino
6%
Super Destroyer
6%
The Mongolian Stomper
6%
The Super Destroyer
6%
Tony DeVito
6%
Uncle Elmer
6%
Wolfie D
6%
Bob Geigel
0%
Dennis Condrey
0%
Dick the Bruiser
0%
Giant Gonzales
0%
Giant Silva
0%
Hiro Matsuda
0%
James Ellsworth
0%
Joey Maggs
0%
Joey Ryan
0%
Johnny Swinger
0%
Kendo Nagasaki
0%
Kevin Steen
0%
K-Krush
0%
Leon Spinks
0%
Matt Striker
0%
Nelson Royal
0%
Robbie E
0%
Snitsky
0%
Tex Slazenger
0%
Todd Champion
0%
Zach Gowen
0%

Score Distribution

Percentile by Number Answered

Percent of People with Each Score

Your Score History

You have not taken this quiz since the last reset